MARC

LEADER 00000nam0a2200000 4500
001 199114
005 20231031184141.0
035 |a (RuTPU)RU\TPU\book\217141 
090 |a 199114 
100 |a 20110726d1990 k y0rusy50 ca 
101 0 |a rus 
102 |a RU 
105 |a a z 001zy 
200 1 |a Тепловые процессы и метастабильные состояния  |e сборник научных трудов  |f Академия наук СССР (АН СССР), Уральское отделение ; под ред. А. М. Каверина 
210 |a Свердловск  |d 1990 
215 |a 144 с.  |c ил. 
320 |a Библиогр. в конце ст. 
610 1 |a тепловые процессы 
610 1 |a метастабильное состояние 
610 1 |a метастабильные состояния 
610 1 |a тепловые процессы 
610 1 |a фазовые переходы 
610 1 |a теплообмен 
610 1 |a сверхпроводники 
675 |a 536.423  |v 3 
702 1 |a Каверин  |b А. М.  |4 340 
712 0 2 |a Академия наук СССР (АН СССР)  |b Уральское отделение  |2 stltpush  |3 (RuTPU)RU\TPU\col\11479 
801 1 |a RU  |b 63413507  |c 20110726 
801 2 |a RU  |b 63413507  |c 20110823  |g RCR 
942 |c BK